000
00239nam a22000977a 4500
008
140207t xxu||||| |||| 00| 0 eng d
100
_a
Paul R. Ehrlich
_9
681
245
_a
Population resources environment
300
_a
383 p. :
942
_2
ddc
_c
BK
999
_c
16940
_d
16940